|
|
|
|
| LEADER |
00000nab a2200000 a 4500 |
| 001 |
vtls000366573 |
| 003 |
SK-MaSNL |
| 005 |
20260302231220.0 |
| 008 |
111202c1989 xo 0 slo |
| 015 |
|
|
|a SNBRB19rr/mm-uuuuu
|
| 035 |
|
|
|a CL0366695
|
| 040 |
|
|
|a SNKBUCL
|b slo
|c SNKBUCL
|e AACR2
|
| 041 |
0 |
|
|a slo
|
| 044 |
|
|
|a xo
|c SK
|
| 080 |
|
|
|a 327(437:73)
|2 1981
|
| 080 |
|
|
|a 327(100-19)(73:437)
|2 1981
|
| 080 |
|
|
|a 339.9
|2 1981
|
| 100 |
1 |
|
|a Němec, Jiří
|4 aut
|9 819046
|
| 245 |
1 |
0 |
|a Ide o doložku najvyšších výhod
|b Rozhovory o ekonomických vzťahoch medzi ČSSR a USA
|c Jiří Němec
|
| 650 |
0 |
7 |
|a ČSSR
|2 snkbucl
|9 335647
|
| 650 |
0 |
7 |
|a zahraničná politika
|2 snkbucl
|9 971
|
| 655 |
|
7 |
|a články z novín a časopisov
|2 snkbucl
|9 267496
|
| 773 |
0 |
|
|t Pravda
|g Roč. 70, č. 292 (12. 12. 1989), s. 6
|
| 850 |
|
|
|a Slovenská národná knižnica v Martine
|a MTA001
|
| 852 |
|
|
|a SNK
|b KIS3GCP
|
| 958 |
|
|
|a RK
|
| 992 |
|
|
|a RBX
|
| 999 |
|
|
|c 1537726
|d 1539656
|